Largest Municipalities in Michigan by First Letter - Statistics

General Stats
  • This quiz has been taken 18 times
  • The average score is 18 of 25
Answer Stats
First Letter County Population Municipality % Correct
A Washtenaw 116,561 Ann Arbor
100%
D Wayne 629,830 Detroit
100%
K Kalamazoo 72,868 Kalamazoo
100%
L Eaton 111,814 Lansing
100%
G Kent 195,208 Grand Rapids
94%
J Jackson 30,550 Jackson
94%
M Midland 42,761 Midland
81%
Y Washtenaw 18,585 Ypsilanti
81%
E Ingham 49,088 East Lansing
75%
F Oakland 81,694 Farmington Hills
75%
N Oakland 66,416 Novi
75%
S Macomb 132,804 Sterling Heights
75%
T Oakland 87,503 Troy
75%
W Macomb 135,010 Warren
75%
R Oakland 75,918 Rochester Hills
69%
Z Ottawa 5,596 Zeeland
69%
B Calhoun 51,855 Battle Creek
63%
I Wayne 24,431 Inkster
63%
P Oakland 61,597 Pontiac
63%
U Macomb 5,056 Utica
56%
H Ottawa 34,665 Holland
50%
C Branch 14,849 Coldwater
44%
Q Branch 1,516 Quincy
44%
O Oakland 28,689 Oak Park
31%
V Kalamazoo 3,998 Vicksburg
19%
No matching quizzes found
Score Distribution
Percent of People with Each Score
Percentile by Number Answered
Your Score History
You have not taken this quiz